Весь Шерлок Холмс (Запись № 7917567)

Подробности
000 -МАРКЕР
контрольное поле 03793nam0a22004211 4500
001 - ИДЕНТИФИКАТОР ЗАПИСИ
контрольное поле rc\147506
005 - ИДЕНТИФИКАТОР ВЕРСИИ
контрольное поле 20250612180423.0
010 ## - МЕЖДУНАРОДНЫЙ СТАНДАРТНЫЙ НОМЕР КНИГИ (ISBN)
Номер (ISBN) 5-289-01805-0
Тираж 20000
035 ## - ДРУГИЕ СИСТЕМНЫЕ НОМЕРА
Идентификатор записи (NLR Aleph) 008769904
100 ## - ДАННЫЕ ОБЩЕЙ ОБРАБОТКИ
Данные общей обработки 20030307d1994 |||y0rusy50 ca
101 0# - ЯЗЫК РЕСУРСА
Язык текста, звукозаписи и т.д. русский
102 ## - СТРАНА ПУБЛИКАЦИИ ИЛИ ПРОИЗВОДСТВА
Страна публикации Российская Федерация
105 ## - ПОЛЕ КОДИРОВАННЫХ ДАННЫХ: ТЕКСТОВЫЕ МАТЕРИАЛЫ, МОНОГРАФИЧЕСКИЕ
Кодированные данные о монографическом текстовом документе a |||||||||
200 1# - ЗАГЛАВИЕ И СВЕДЕНИЯ ОБ ОТВЕТСТВЕННОСТИ
Основное заглавие Весь Шерлок Холмс
Сведения, относящиеся к заглавию Вариации
-- [Сборник
Первые сведения об ответственности Ред.-сост. А.В. Коротнян
Последующие сведения об ответственности Под общ. ред. А.И. Белинского
-- Худож. И.Г. Архипов, Ю.Н. Чигирев]
210 ## - ПУБЛИКАЦИЯ, РАСПРОСТРАНЕНИЕ И ДР.
Место издания, распространения и т.д. СПб.
Имя издателя, распространителя и т. д. Лениздат
Дата издания, распространения и т.д. 1994
215 ## - ФИЗИЧЕСКАЯ ХАРАКТЕРИСТИКА
Специфическое обозначение материала и объем 442, [2] с.
Другие сведения о физической характеристике ил.
Размеры 21
225 1# - СЕРИЯ
Основное заглавие серии Crime
327 0# - ПРИМЕЧАНИЯ О СОДЕРЖАНИИ
Текст примечания Содерж.: Семь циферблатов; Приключение в Камберуэлле; Восковые игроки, и др. произведения / Адриан К. Дойл, Дж.Д. Карр. Преступление в Фаvioxc-Pace; Загадка рубина "Аббас"; Черные ангелы, и др. произведения / Адриан К. Дойл. Этюд о страхе / Э. Куин. Пародии и подражания: Методы Шемрока Джолиса; Ищейки / О. Генри. Украденный портсигар / Ф. Брет-Гарт. Грабеж на панихиде / П. Орловец. Кровавые драгоценности
464 #0 - АНАЛИТИЧЕСКИЙ УРОВЕНЬ
Встроенное поле 2001#$aСемь циферблатов
-- 700#1$aДойл$bА. К.$gАдриан К.
-- 701#1$aКарр$bД. Д.$f1906-1977$gДжон Диксон$3RU\NLR\AUTH\7712532
Заглавие Семь циферблатов
Автор Дойл, Адриан К.
464 #0 - АНАЛИТИЧЕСКИЙ УРОВЕНЬ
Встроенное поле 2001#$aПриключение в Камберуэлле
-- 700#1$aДойл$bА. К.$gАдриан К.
-- 701#1$aКарр$bД. Д.$f1906-1977$gДжон Диксон$3RU\NLR\AUTH\7712532
Заглавие Приключение в Камберуэлле
Автор Дойл, Адриан К.
464 #0 - АНАЛИТИЧЕСКИЙ УРОВЕНЬ
Встроенное поле 2001#$aВосковые игроки
-- 700#1$aДойл$bА. К.$gАдриан К.
-- 701#1$aКарр$bД. Д.$f1906-1977$gДжон Диксон$3RU\NLR\AUTH\7712532
Заглавие Восковые игроки
Автор Дойл, Адриан К.
464 #0 - АНАЛИТИЧЕСКИЙ УРОВЕНЬ
Встроенное поле 2001#$aПреступление в Фаvioxc-Pace
-- 700#1$aДойл$bА. К.$gАдриан К.
Заглавие Преступление в Фаvioxc-Pace
Автор Дойл, Адриан К.
464 #0 - АНАЛИТИЧЕСКИЙ УРОВЕНЬ
Встроенное поле 2001#$aЗагадка рубина "Аббас"
-- 700#1$aДойл$bА. К.$gАдриан К.
Заглавие Загадка рубина "Аббас"
Автор Дойл, Адриан К.
464 #0 - АНАЛИТИЧЕСКИЙ УРОВЕНЬ
Встроенное поле 2001#$aЧерные ангелы
-- 700#1$aДойл$bА. К.$gАдриан К.
Заглавие Черные ангелы
Автор Дойл, Адриан К.
464 #0 - АНАЛИТИЧЕСКИЙ УРОВЕНЬ
Встроенное поле 2001#$aЭтюд о страхе
-- 700#1$aКуин$bЭ.
Заглавие Этюд о страхе
Автор Куин, Э.
464 #0 - АНАЛИТИЧЕСКИЙ УРОВЕНЬ
Встроенное поле 2001#$aМетоды Шемрока Джолиса
-- 700#1$aГенри$bО.$f1862-1910$3RU\NLR\AUTH\77198
Заглавие Методы Шемрока Джолиса
Автор Генри, О. (1862-1910)
464 #0 - АНАЛИТИЧЕСКИЙ УРОВЕНЬ
Встроенное поле 2001#$aИщейки
-- 700#1$aГенри$bО.$f1862-1910$3RU\NLR\AUTH\77198
Заглавие Ищейки
Автор Генри, О. (1862-1910)
464 #0 - АНАЛИТИЧЕСКИЙ УРОВЕНЬ
Встроенное поле 2001#$aУкраденный портсигар
-- 700#1$aБрет-Гарт$bФ.
Заглавие Украденный портсигар
Автор Брет-Гарт, Ф.
464 #0 - АНАЛИТИЧЕСКИЙ УРОВЕНЬ
Встроенное поле 2001#$aГрабеж на панихиде
-- 700#1$aОрловец$bП.$f1872-ок.1929$3RU\NLR\AUTH\7758879
Заглавие Грабеж на панихиде
Автор Орловец, П. (1872-ок.1929)
464 #0 - АНАЛИТИЧЕСКИЙ УРОВЕНЬ
Встроенное поле 2001#$aКровавые драгоценности
Заглавие Кровавые драгоценности
702 #1 - ИМЯ ЛИЦА - ВТОРИЧНАЯ ОТВЕТСТВЕННОСТЬ
Начальный элемент ввода Коротнян
Часть имени, кроме начального элемента ввода А. В.
Расширение инициалов личного имени Анатолий Васильевич
Код отношения Редактор
801 #0 - ИСТОЧНИК ЗАПИСИ
Страна Российская Федерация
Организация NLR
Правила каталогизации psbo
801 #1 - ИСТОЧНИК ЗАПИСИ
Страна Российская Федерация
Организация ELAR
Источник данных rusmarc
852 ## - МЕСТОНАХОЖДЕНИЕ И ШИФР ХРАНЕНИЯ
Идентификатор организации NLR
Шифр хранения (Call Number) 95-3/2749
942 ## - ДОПОЛНИТЕЛЬНЫЕ ЭЛЕМЕНТЫ ЗАПИСИ (АБИС)
Тип экземпляра АБИС Книга
980 ## - КОЛЛЕКЦИЯ
Название коллекции Национальная библиография
Экземпляры
Тип экземпляра Дата поступления Библиотека постоянного хранения Библиотека текущего хранения Место хранения Шифр хранения Штрих-код Статус экземпляра
Книга 26.10.2013 РНБ (Московский) РНБ (Московский) Русский книжный фонд: издания с 1957 года 95-3/2749 1-2013218